Countries with the Most McDonald's Locations - Statistics

General Stats
  • This quiz has been taken 111,178 times
    78,585 since last reset
  • The average score is 16 of 20
Answer Stats
# Country % Correct
13,548 United States
100%
1,468 United Kingdom
96%
1,489 Canada
95%
6,820 China
95%
1,588 France
95%
1,367 Germany
94%
374 Mexico
92%
2,989 Japan
91%
629 Spain
91%
1,173 Brazil
89%
755 Italy
88%
1,052 Australia
86%
665 India
85%
580 Poland
73%
398 South Korea
70%
401 South Africa
62%
792 Philippines
46%
441 Saudi Arabia
44%
373 Malaysia
37%
417 Taiwan
34%
No matching quizzes found
Score Distribution
Percent of People with Each Score
Percentile by Number Answered
Your Score History
You have not taken this quiz since the last reset